| 000 | 01020cam a2200289 4500 | ||
|---|---|---|---|
| 001 | 13821 | ||
| 003 | BD-RjUL | ||
| 005 | 20211208235522.0 | ||
| 008 | 140202s1971 ilub b 000 0 eng | ||
| 035 | _a(BD-RjUL)13873 | ||
| 040 |
_aDLC _cDLC _dDLC _dBD-RjUL _beng |
||
| 041 | _aeng | ||
| 082 | 0 | 0 |
_a628.3 _bJOR 1971 |
| 100 | 1 |
_aJohnson, James Francis, _d1941- _943225 |
|
| 245 | 1 | 0 |
_aRenovated waste water : _ban alternative source of municipal water supply in the United States / _cJames F. Johnson. |
| 260 |
_aChicago : _bUniversity of Chicago, Dept. of Geography, _cc1971. |
||
| 300 |
_aix, 155 p. : _bmaps. ; _c23 cm. |
||
| 350 | _a$4.50 | ||
| 490 | 1 |
_aUniversity of Chicago. Dept. of Geography. Research paper _vno. 135 |
|
| 504 | _aBibliography: p. 141-155. | ||
| 650 | 0 |
_aWater reuse _zUnited States. _943226 |
|
| 830 | 0 |
_vno. 135. _943230 |
|
| 830 | 0 |
_aResearch paper (University of Chicago. Department of Geography) ; _943231 |
|
| 942 |
_2ddc _cBK |
||
| 999 |
_c13821 _d13821 |
||